Research methodology : the discipline and its dimensions
| Main Author: | |
|---|---|
| Format: | Book |
| Published: |
New Delhi :
Deep & Deep Publication Pvt. Ltd ,
2007
|
| Subjects: |
MARC
| LEADER | 00000cam a2200000 7i4500 | ||
|---|---|---|---|
| 001 | 0000018062 | ||
| 005 | 20080603.0 | ||
| 008 | 080528 | ||
| 020 | |a 8176299111 | ||
| 090 | 0 | 0 | |a 001.42 |b SHA |
| 100 | 1 | |a Sharma, Jai Narain,Dr | |
| 245 | 1 | 0 | |a Research methodology : |b the discipline and its dimensions |c Dr. Jai Narain Sharma |
| 260 | |a New Delhi : |b Deep & Deep Publication Pvt. Ltd , |c 2007 | ||
| 650 | 0 | |a Research |x Methodology | |
| 999 | |a 0001019936 |b Book |c REFERENCE |e Perbadanan Perpustakaan Awam Johor | ||